000 00391nam a2200145 a 4500
005 20140412111327.0
008 110128s19uu xx 00 eng d
020 _a971-569-018-1
050 _aFil 398.2
_bC551 1990
100 _aChorengel, Marla Yotoko
245 _aMaksing and Mona /
_cMarla Yotoko Chorengel.
260 _aPhils :
_bBookmark,
_c1990.
300 _a23p.
999 _c104701
_d104701